Statistiken für Geschichte nach Buchstabe - G

Klicken Sie hier um das Quiz zu spielen!

Allgemein

  • Dieses Quiz wurde 6.294 mal gespielt
  • Das Durchschnittsergebnis liegt bei 13 aus 22

Antwortstatistiken

HinweisAntwort% Korrekt
Er führte Indien zur UnabhängigkeitMohandas Gandhi
98%
Land, in dem sich der Parthenon befindetGriechenland
86%
Erfinder des BuchdruckesJohannes Gutenberg
83%
Geheimpolizei von Nazi-DeutschlandGestapo
80%
Abkommen von 1949,
die die Regeln für einen Krieg festlegten
{Genfer} Konventionen
79%
Region erobert durch Julius CaesarGallien
77%
Berühmter Nazi-PropagandistJoseph Goebbels
77%
Julius Caesars Vorname von Geburt anGaius
76%
Architekturstil sichtbar z.B. bei der
Cathédrale Notre Dame
Gotisch
74%
Italienischer Astronom,
der das Teleskop verbesserte
Galileo Galilei
72%
Französische EnthauptungsmaschineGuillotine
71%
Kalender, der 1582 startete,
benannt nach einem Papst
Gregorianischer Kalender
62%
Gefängnissystem der SowjetunionGulag
61%
Archipel, auf welchem C. Darwin
seine Finken fand
Galápagos-Inseln
58%
Der erste Mann im AllJuri Gagarin
54%
Argentinischer Marxist und BéretträgerChe Guevara
41%
Kubanische Bucht, die 1903
an die USA abgegeben wurde
Guantánamo-Bucht
38%
Blutige Schlacht im Bürgerkrieg in PennsylvaniaGettysburg
36%
Ermordeter US-PräsidentJames Garfield
19%
Türkische Halbinsel und Ort eines
britischen Desasters im 1. Weltkrieg
Gallipoli
17%
Nepalesische Kämpfer in der britischen ArmeeGurkhas
13%
Gegner der GhibellinenGuelfen
7%

Verteilung der Resultate

Perzentil nach korrekt beantworteten Fragen

Anzahl Personen mit jedem Resultat

Ihre Resultats-Entwicklung

Sie haben dieses Quiz noch nicht gespielt